<?xml version="1.0" encoding="UTF-8"?>
<record
    xmlns:xsi="http://www.w3.org/2001/XMLSchema-instance"
    xsi:schemaLocation="http://www.loc.gov/MARC21/slim http://www.loc.gov/standards/marcxml/schema/MARC21slim.xsd"
    xmlns="http://www.loc.gov/MARC21/slim">

  <leader>00931cam a22002651  4500</leader>
  <controlfield tag="001">he 67000587 </controlfield>
  <controlfield tag="003">DLC</controlfield>
  <controlfield tag="005">20260227111445.0</controlfield>
  <controlfield tag="008">861217m19591989is            001 0 heb  </controlfield>
  <datafield tag="010" ind1=" " ind2=" ">
    <subfield code="a">he 67000587 </subfield>
  </datafield>
  <datafield tag="040" ind1=" " ind2=" ">
    <subfield code="a">DLC</subfield>
    <subfield code="c">DLC</subfield>
    <subfield code="d">DLC</subfield>
  </datafield>
  <datafield tag="050" ind1="0" ind2="0">
    <subfield code="a">BM522.87</subfield>
    <subfield code="b">.T38</subfield>
  </datafield>
  <datafield tag="100" ind1="1" ind2=" ">
    <subfield code="a">Sh&#x1E6D;ern, Betsal&#x2BC;el.</subfield>
  </datafield>
  <datafield tag="240" ind1="1" ind2="0">
    <subfield code="a">Be-tsel ha-&#x1E25;okhmah</subfield>
  </datafield>
  <datafield tag="245" ind1="1" ind2="0">
    <subfield code="a">Sefer Be-tsel ha-&#x1E25;okhmah;</subfield>
    <subfield code="b">kolel she&#x2BC;elot u-teshuvot u-verure halakhot ha-nog&#x2BB;ot le-arba&#x2BB;ah &#x1E25;el&#x1E33;e ha-Shul&#x1E25;an &#x2BB;arukh</subfield>
    <subfield code="c">[me-et] Betsal&#x2BC;el Sh&#x1E6D;ern.</subfield>
  </datafield>
  <datafield tag="260" ind1=" " ind2=" ">
    <subfield code="a">Yerushala[y]im,</subfield>
    <subfield code="c">719-750 [1959-1989]</subfield>
  </datafield>
  <datafield tag="300" ind1=" " ind2=" ">
    <subfield code="a">6 v.</subfield>
    <subfield code="c">35 cm.</subfield>
  </datafield>
  <datafield tag="500" ind1=" " ind2=" ">
    <subfield code="a">Cover title: She&#x2BC;elot u-teshuvot Be-tsel ha-&#x1E25;okhmah.</subfield>
  </datafield>
  <datafield tag="500" ind1=" " ind2=" ">
    <subfield code="a">Spine title: Shut Be-tsel ha-&#x1E25;okhmah.</subfield>
  </datafield>
  <datafield tag="500" ind1=" " ind2=" ">
    <subfield code="a">Includes index.</subfield>
  </datafield>
  <datafield tag="650" ind1=" " ind2="0">
    <subfield code="a">Responsa</subfield>
    <subfield code="y">1800-</subfield>
  </datafield>
  <datafield tag="740" ind1="0" ind2=" ">
    <subfield code="a">Be-tsel ha-&#x1E25;okhmah.</subfield>
  </datafield>
  <datafield tag="740" ind1="0" ind2=" ">
    <subfield code="a">She&#x2BC;elot u-teshuvot Be-tsel ha-&#x1E25;okhmah.</subfield>
  </datafield>
  <datafield tag="740" ind1="0" ind2=" ">
    <subfield code="a">Shut Be-tsel ha-&#x1E25;okhmah.</subfield>
  </datafield>
  <datafield tag="999" ind1=" " ind2=" ">
    <subfield code="c">32258</subfield>
    <subfield code="d">32258</subfield>
  </datafield>
</record>
